000 00759nam a22002057a 4500
005 20230918141250.0
010 _aENG-138094
020 _a9789357053143
_c550.00
035 _aEN-121626
037 _bDBAD/PUB
082 _a330.19
_2First
100 _aPrakash, B.A
_956822
245 _aKerala's Economic Development:
_bCovid-19 Pandemic, Economic Crisis and Public Policy/
_cBy B.A Prakash and Jerry Alwin
250 _aFirst
260 _aUttar Pradesh
_bPearson India Education Services Pvt. Ltd.
_c2023
270 _a1st Floor, Berger Tower, Plot No. C-001A/2, Sector 16B
_bNoida (Uttar Pradesh)
_e201301
300 _a408p.
_c23cm(pbk)
_bIndex
700 _aAlwin, Jerry
_eAuthor
_956823
942 _2ddc
_cEN
_h330.19
_mPRA
_eFirst
999 _c198281
_d198281